| 000 | 00642nam a2200157 a 4500 | ||
|---|---|---|---|
| 001 | 000038907 | ||
| 005 | 20201002031420.0 | ||
| 008 | 090729s1995 dr 000 0 spa d | ||
| 040 |
_aDO-SdBNP _bspa _cBNPHU |
||
| 082 |
_a342.029 _bR426c |
||
| 110 | 2 |
_aCampillo Pérez, Julio Genaro _965173 |
|
| 245 | 1 | 0 |
_aConstitución política y reformas constitucionales 1492 - 1844 / _cJulio Genaro Campillo Pérez. |
| 260 |
_aSanto Domingo : _bOficina de Administración y Personal (ONAP) _bUniversidad Autónoma de Santo Domingo (ONAP), _c1995. |
||
| 300 |
_a418 p. ; _c21 cm. |
||
| 504 | _aIncluye referencias bibliográficas y notas al pie de las páginas | ||
| 999 |
_c38397 _d38397 |
||